MADE IN AMERICA (Record no. 8107)

MARC details
000 -LEADER
fixed length control field 00319nam a2200133Ia 4500
008 - FIXED-LENGTH DATA ELEMENTS--GENERAL INFORMATION
fixed length control field 240624s9999 xx 000 0 und d
041 ## - LANGUAGE CODE
Language code of text/sound track or separate title eng
082 ## - DEWEY DECIMAL CLASSIFICATION NUMBER
Classification number 920 WAL
100 ## - MAIN ENTRY--PERSONAL NAME
Personal name WALTON SAM
245 ## - TITLE STATEMENT
Title MADE IN AMERICA
260 ## - PUBLICATION, DISTRIBUTION, ETC.
Date of publication, distribution, etc. 1993
Place of publication, distribution, etc. New York
Name of publisher, distributor, etc. Bantam Books
300 ## - PHYSICAL DESCRIPTION
Extent xiii, : 346 : p. : cm. ; 17
365 ## - TRADE PRICE
Currency code
Price amount 20
Holdings
Withdrawn status Lost status Damaged status Not for loan Home library Current library Shelving location Date acquired Source of acquisition Cost, normal purchase price Total Holds Full call number Barcode Date last seen Copy number Price effective from Koha item type
        IMTN IMTN Rack 41-B 01/17/2008 WBD 5.50 736 920 WAL 8107 06/24/2024 39.48 06/24/2024 Books
Designed & Maintained by: LRC IMT Nagpur Contact: lrc@imtnag.ac.in© 2024. All Rights Reserved.